Logo CIB grande

Precision Agriculture Basics (Registro nro. 237875)

Detalles MARC
000 -LEADER
campo de control de longitud fija 00630nam a2200229Ia 4500
005 - FECHA Y HORA DE LA ÚLTIMA TRANSACCIÓN
campo de control 20250425162845.0
008 - DATOS DE LONGITUD FIJA--INFORMACIÓN GENERAL
campo de control de longitud fija 250425s9999 xx 000 0 und d
020 ## - NÚMERO INTERNACIONAL ESTÁNDAR DEL LIBRO
Número Internacional Estándar del Libro 9780891183662
041 ## - CÓDIGO DE IDIOMA
Código de lengua del texto/banda sonora o título independiente eng
082 ## - NÚMERO DE LA CLASIFICACIÓN DECIMAL DEWEY
Número de clasificación 630
Iniciales del Autor SHA
010 ## - NÚMERO DE CONTROL DE LA BIBLIOTECA DEL CONGRESO
Número de control de LC 117209
100 ## - ENTRADA PRINCIPAL--NOMBRE DE PERSONA
Nombre de persona Shannon, D. Kent
245 #0 - MENCIÓN DEL TÍTULO
Título Precision Agriculture Basics
Mención de responsabilidad, etc. D. Kent Shannon; David E. Clay; Newell R. Kitchen
250 ## - MENCION DE EDICION
Mención de edición 1A. ED.
260 ## - PUBLICACIÓN, DISTRIBUCIÓN, ETC.
Lugar de publicación, distribución, etc. Madison
Nombre del editor, distribuidor, etc. American Society of Agronomy
Fecha de publicación, distribución, etc. 2018
300 ## - DESCRIPCIÓN FÍSICA
Extensión 265 p.
Otras características físicas Ilustrado
Dimensiones 27 cm.
650 ## - PUNTO DE ACCESO ADICIONAL DE MATERIA--TÉRMINO DE MATERIA
Término de materia o nombre geográfico como elemento de entrada Agricultura
650 ## - PUNTO DE ACCESO ADICIONAL DE MATERIA--TÉRMINO DE MATERIA
Término de materia o nombre geográfico como elemento de entrada Gestión
700 ## - ENTRADA AGREGADA--NOMBRE PERSONAL
Nombre de persona Clay, David E.
700 ## - ENTRADA AGREGADA--NOMBRE PERSONAL
Nombre de persona Kitchen, Newell R.
942 ## - ELEMENTOS DE ENTRADA SECUNDARIOS (KOHA)
Tipo de ítem Koha Libros
Existencias
Estatus retirado Estado de pérdida Estado de daño No para préstamo Biblioteca de origen Biblioteca actual Fecha de adquisición Coste, precio normal de compra Etiqueta RFID Total de préstamos Código de barras Copia número Tipo de ítem Koha Nota pública
        CENTRO DE INFORMACIÓN BIBLIOTECARIA CENTRO DE INFORMACIÓN BIBLIOTECARIA 18/12/2024 148.00 0000000000000000037601   81056 1 Libros Compra

Copyright 2025 ESPOL. Todos los derechos reservados.